00425nam a2200109Ia 4500008004100000100002300041245013900064260001600203300001200219650001600231856006800247160712s9999 xx 000 0 und d aDy-Liacco, Rafael. cRafael Dy-LiaccoaComets, Cults, and Coins: A material-theoretic framework for the archaeoastronomical study of the Book of Revelation c2012bHukay avol. 17 xARCHAEOLOGY uhttp://journals.upd.edu.ph/index.php/asp/issue/view/422/showToc